Từ láy - Những vấn đề còn để ngỏ /

שמור ב:
מידע ביבליוגרפי
מחבר ראשי: Hà Quang Năng
מחברים אחרים: ..., Nguyễn Văn Khang, Phi Tuyết Hinh
פורמט: Sách giấy
שפה:Vietnamese
יצא לאור: Hà Nội : Khoa học Xã hội , 1998
תגים: הוספת תג
אין תגיות, היה/י הראשונ/ה לתייג את הרשומה!
Thư viện lưu trữ: Thư viện Trường Đại học Đà Lạt
LEADER 00747nam a2200289 4500
001 DLU020020066
005 ##6/24/2002
020 # # |a 978- 
041 # # |a vie 
082 # # |a 495.922 5  |b Tul 
090 # # |a 495.922 5  |b Tul 
100 # # |a Hà Quang Năng 
245 # # |a Từ láy - Những vấn đề còn để ngỏ /  |c Năng Hà Quang, Hinh Phi Tuyết, Khang Nguyễn Văn, ...  
260 # # |a Hà Nội :  |b Khoa học Xã hội ,  |c 1998 
300 # # |a 292 tr.;   |c 21 cm. 
700 # # |a ..., 
700 # # |a Nguyễn Văn Khang 
700 # # |a Phi Tuyết Hinh 
992 # # |a 21000 
994 # # |a DLU 
900 # # |a False 
911 # # |a Administrator 
925 # # |a G 
926 # # |a A 
927 # # |a SH 
980 # # |a Thư viện Trường Đại học Đà Lạt